Sustainability and firms : technological change and the changing regulatory environment
Αποθηκεύτηκε σε:
| Άλλοι συγγραφείς: | , , |
|---|---|
| Μορφή: | Βιβλίο |
| Γλώσσα: | English |
| Δημοσίευση: |
Cheltenham :
Edward Elgar,
c1998
|
| Σειρά: | Advances in ecological economics
|
| Θέματα: | |
| Ετικέτες: |
Προσθήκη ετικέτας
Δεν υπάρχουν, Καταχωρήστε ετικέτα πρώτοι!
|
MARC
| LEADER | 00000nam a2200000 i 4500 | ||
|---|---|---|---|
| 001 | 1/90359 | ||
| 008 | 990927s1998 eng d | ||
| 020 | |a 1-85898-809-8 | ||
| 035 | |l 10053071 | ||
| 040 | |a GR-MY-UA |b gre |e aacr | ||
| 041 | 0 | |a eng | |
| 082 | 0 | |a 338.064 | |
| 245 | 1 | 0 | |a Sustainability and firms : |b technological change and the changing regulatory environment / |c edited by Sylvie Faucheux, John Gowdy, Isabelle Nicolai |
| 260 | |a Cheltenham : |b Edward Elgar, |c c1998 | ||
| 300 | |a 249 p. | ||
| 490 | 1 | |a Advances in ecological economics | |
| 650 | 0 | 0 | |a Sustainable agriculture. |
| 650 | 0 | 0 | |a Technological innovations |x Environmental aspects. |
| 650 | 0 | 0 | |a Competition, International. |
| 650 | 0 | 0 | |a Environmental policy |x Economic aspects. |
| 700 | 1 | |a Faucheux, Sylvie |d 1960- |4 edt | |
| 700 | 1 | |a Gowdy, John M. |4 edt | |
| 700 | 1 | |a Nicolai, Isabelle |d 1965- |4 edt | |
| 830 | 0 | |a Advances in ecological economics | |
| 852 | |a INST |b LESVOS |e 19990927 |h 338.064 SUS |p 005100019118 |q 005100019118 |t BK |y 0 | ||
| 901 | |a BIBL1-1999-3 | ||
| 909 | |a Λ |b 066406 | ||
| 922 | |a 1ΕΛΗ |b 199906 |c ΚΠΣ/ΤΠ |d ΠΑΠΑΣΩΤΗΡΙΟΥ | ||
| 950 | |a 107-1998-04-06 | ||
| 970 | |a ΤΖΑΦΕΡΗ |b ΕΥΑΓΓΕΛΙΑ |z 1999/10/22 | ||